000 00593nam a2200241Ia 4500
003 OSt
005 20220912152239.0
006 a|||||r|||| 00| 0
007 ta
008 220909b |||||||| |||| 00| 0 eng d
024 _a56276
037 _cTextual
040 _aCSL
_beng
_cCSL
041 _aeng
082 _aI223, 113H1-;1
100 _aRabenhorst L
245 0 _aKryptogamen-flora von dent schland and der schweiz
260 _c1941
300 _ap.
_ccm.
650 _aBotany
942 _hI223, 113H1-;1
_cTEXL
_2CC
999 _c82824
_d82824